MDQL
is popping MORE tags! Check the
thread
!
Quizzes
Events
Quiz Creation
Community
Videos
Private Events
Remove Ads
Sign In
Join for FREE
Feedback
Dark Mode
Quiz Categories
Sports
Geography
Music
Movies
Television
Just For Fun
Miscellaneous
History
Literature
Language
Science
Gaming
Entertainment
Religion
Holiday
For Kids
Quiz Lab
Recent
Popular Today
Quiz Kudos Today
Editor Picks
Curator Picks
Quizzes by...
Day
Popularity
Type
Ratings
Length
Year
Community
Subscriptions
Recent Discussions
Orange Saloon
Badges
Playlists
Quests
Create
Leaderboards
Showdown
Live 5
Trivia Bingo
Activity
Puzzle Library
Sporcle Events
Private Events
Virtual Trivia
Globe League
Become a Host
Pub Owners
SporcleCon
Opinionation
Our Games
Videos
Blog
Mobile Apps
Partnerships
Remove Ads and Go Orange
Feedback
Geography
Country
Landmarks
City
State
Population
World
Capital
Continent
Flags
Europe
Africa
Asia
South America
North America
Oceania
Border
Canada
United Kingdom
Topography
United States
Geography
Country
Landmarks
City
State
Population
World
Capital
Continent
Flags
Europe
Africa
Asia
South America
North America
Oceania
Border
Canada
United Kingdom
Topography
United States
Random Quiz
Search Sporcle
×
Quiz Lab
Quiz Lab
Geography
City
Type in answers that appear in a list
Type in answers that appear in a list
Classic
Best Score? Go Orange.
Largest Cities by Shortest Name Stats
Can you name the largest city of each state, in order by shortest name?
By
thunderroad
12m
50 Questions
140 Plays
140 Plays
140 Plays
Comments
Comments
Give Quiz Kudos
Give Quiz Kudos
-
- Ratings
hide this ad
More Info
Forced Order
Answers have to be entered in order
Answers have to be entered in order
Replay
Link that replays current quiz
Next Quiz
Link to next quiz in quiz playlist
You Got
0%
They Got
Avg Score
66%
Avg Friend Score
Upgrade to see
Score Distribution
Jump to the score distribution portion of the page
Score
0/50
Timer
12:00
0
Plays Today
Population
City
% Correct
8,391,881
New York, New York
97.9%
2,853,114
Chicago, Illinois
92.1%
2,257,926
Houston, Texas
90%
3,833,995
Los Angeles, California
88.6%
1,601,587
Phoenix, Arizona
85%
645,169
Boston, Massachusetts
82.9%
910,920
Detroit, Michigan
82.1%
1,547,901
Philadelphia, Pennsylvania
78.6%
610,354
Denver, Colorado
77.9%
617,334
Seattle, Washington
77.1%
427,872
Omaha, Nebraska
75%
582,130
Portland, Oregon
74.3%
807,584
Indianapolis, Indiana
74.3%
202,832
Boise, Idaho
73.6%
540,922
Atlanta, Georgia
73.6%
567,641
Las Vegas, Nevada
73.6%
676,640
Memphis, Tennessee
70.7%
813,518
Jacksonville, Florida
70.7%
709,441
Charlotte, North Carolina
70%
374,701
Honolulu, Hawaii
69.3%
769,360
Columbus, Ohio
69.3%
560,333
Oklahoma City, Oklahoma
68.6%
99,626
Fargo, North Dakota
67.9%
385,378
Minneapolis, Minnesota
67.1%
286,174
Anchorage, Alaska
66.4%
Population
City
% Correct
336,644
New Orleans, Louisiana
65.7%
637,418
Baltimore, Maryland
65.7%
183,171
Salt Lake City, Utah
65%
278,154
Newark, New Jersey
62.9%
482,299
Kansas City, Missouri
62.9%
528,497
Albuquerque, New Mexico
62.9%
62,875
Portland, Maine
59.3%
605,013
Milwaukee, Wisconsin
57.9%
200,538
Des Moines, Iowa
57.9%
191,930
Little Rock, Arkansas
57.9%
557,224
Louisville, Kentucky
57.1%
175,021
Jackson, Mississippi
56.4%
230,650
Birmingham, Alabama
56.4%
171,909
Providence, Rhode Island
56.4%
433,575
Virginia Beach, Virginia
56.4%
366,382
Wichita, Kansas
54.3%
57,618
Cheyenne, Wyoming
54.3%
129,333
Columbia, South Carolina
52.1%
105,845
Billings, Montana
50.7%
158,008
Sioux Falls, South Dakota
50.7%
38,647
Burlington, Vermont
50%
109,395
Manchester, New Hampshire
49.3%
50,267
Charleston, West Virginia
49.3%
73,069
Wilmington, Delaware
47.9%
137,912
Bridgeport, Connecticut
42.9%
Quiz Playlist
Details
Report
Send in Message
Add To Playlist
More Info:
If multiple cities share the same letter length, enter them in order by population. Spaces do not add to the length of the city name.
Classic:
Type in answers that appear in a list
Forced Order:
Answers have to be entered in order
Last Updated: Feb 16, 2017
Quiz Scoreboard
CHALLENGE
Sign Up to Join the Scoreboard
Show All
Scores
Hide
Comments
May contain spoilers
Recently Published
5x2 Blitz: Bands
by SL_Kpop136
Music
30s
Colored Red Africa Blitz
by spor1
Geography
30s
Find the 'City' Movie
by crazypaving
Movies
60s
More to Explore
Quiz From the Vault
Featured Blog Post
14 Easter Pick-up Lines to Find Eggs With
hide this ad
You Might Also Like...
Tags
City Quiz
United States Quiz
Today's Top Quizzes in Geography
Browse Geography
hide this ad
Today's Top Quizzes in City
Browse City
Top Contributed Quizzes in Geography
1
Countries of the World - No Outlines Minefield
2
Colored Red Africa Blitz II
3
Colored Red Europe Blitz I
4
Colored Red Europe Blitz II
5
Colored Red Africa Blitz III
6
Colored Red Europe Blitz III
7
Colored Red States Blitz II
8
Country Trivia Logic Puzzle II
9
Colored Red States Blitz I
10
List All 50 US States
Explore More
Trending Topics
Kpop
NBA
Marvel
Anime
Crossword
Harry Potter
Disney
Country
Soccer
Song
Pokémon
NFL
The Office
WWE
Puzzle
hide this ad
More By:
thunderroad
Quiz
Plays
Rating
Category
Featured
Created
50 States, 49 Beers
87,727
4.05
Geography
Oct 4, 2010
50 Most Dangerous US Cities (2011)
4,187
4.46
Geography
Mar 1, 2012
Largest Cities by Shortest Name
140
4.29
Geography
Dec 22, 2010
Novel by Protagonist
137
4.00
Literature
Dec 8, 2010
Springfields by Population
107
3.33
Geography
Jan 26, 2011
Go to Creator's Profile
Score Distribution
Quiz Creator Spotlight
thunderroad
Follow
Send a Message
Quizzes Created
-
Created Quiz Play Count
-
More By This Creator
Popular Quizzes Today
1
5x2 Blitz: Bands
2
Find the 'City' Movie
3
Find the US States - No Outlines Minefield
4
Colored Red Africa Blitz
5
The Countries of the World
6
Find the US States
7
Risky Map Clicking: Biggest States A-Z
8
9x9 Crossword: Cartoon Network
More Geography Quizzes
Crossword - Cross Country
Editor's Pick
Trending Quizzes
Colored Red Africa Blitz II
Colored Red Europe Blitz I
Find the 'Dark' Movie
Find the 'Day' Movie
Find the 'Good' Movie
Recently Updated
Champions League XIs: Real Madrid
pecheneg
Largest US Cities 1790-2010
pecheneg
Rides in Walt Disney World
pecheneg
Most Oscar Losses (Acting)
pecheneg
Beyoncé Albums
pecheneg
Leaping Animals
pecheneg
Reality TV Shows (A-Z)
bhenderson79
Rickey Henderson's Hall of Fame Teammates
pecheneg
Champions League XIs: Arsenal
pecheneg
Quick Pick: Celebrities in WWE's Hall of Fame
aduchscher
Trending Topics
Crossword
Harry Potter
Kpop
Disney
Anime
NBA
Marvel
Country
Pokémon
Puzzle
The Office
Soccer
NFL
Song
WWE
Your Account Isn't Verified!
In order to create a playlist on Sporcle, you need to verify the email address you used during registration. Go to your
Sporcle Settings
to finish the process.
Report this User
Report this user for behavior that violates our
Community Guidelines
.
Details:
Send Report
Go to the Sporcle.com Mobile Site →
Comments